Т. 68, № 6; Известия Российской академии наук. Серия математическая

Bibliografske podrobnosti
Parent link:Известия Российской академии наук. Серия математическая: научный журнал/ Российская академия наук (РАН). Т. 68, № 6.— , 1937-.— 0373-2436
Jezik:ruščina
Izdano: 2004
Format: MixedMaterials Knjiga
KOHA link:https://koha.lib.tpu.ru/cgi-bin/koha/opac-detail.pl?biblionumber=394798

MARC

LEADER 00000nam2a2200000 4500
001 394798
005 20231101064535.0
035 |a (RuTPU)RU\TPU\prd\31754 
090 |a 394798 
100 |a 20050117a20049999k y0rusy50 ca 
101 0 |a rus 
102 |a RU 
200 0 |a Т. 68, № 6 
210 |d 2004 
461 1 |0 (RuTPU)RU\TPU\prd\2018  |x 0373-2436  |t Известия Российской академии наук. Серия математическая  |o научный журнал  |f Российская академия наук (РАН)  |v Т. 68, № 6  |d 1937- 
801 0 |a RU  |b 63413507  |c 20010227  |g PSBO 
801 1 |a RU  |b 63413507  |c 20050117  |g PSBO 
801 2 |a RU  |b 63413507  |c 20170417  |g PSBO 
942 |c BK 
999 |a НТБ_ТПУ  |b НФ  |e -1/20050104  |p П-701  |s 3/20040412  |u 0,00  |v 1